City of bones (Record no. 36608)
[ view plain ]
| 000 -LEADER | |
|---|---|
| fixed length control field | 01152cam a2200373 a 4500 |
| 003 - CONTROL NUMBER IDENTIFIER | |
| control field | OCoLC |
| 005 - DATE AND TIME OF LATEST TRANSACTION | |
| control field | 20241220114727.0 |
| 008 - FIXED-LENGTH DATA ELEMENTS--GENERAL INFORMATION | |
| fixed length control field | 010809r20022002mau d 000 1 eng |
| 001 - CONTROL NUMBER | |
| control field | ocm47805019 |
| 010 ## - LIBRARY OF CONGRESS CONTROL NUMBER | |
| LC control number | 2001038726 |
| 020 ## - INTERNATIONAL STANDARD BOOK NUMBER | |
| International Standard Book Number | 0316154318 |
| 035 ## - SYSTEM CONTROL NUMBER | |
| System control number | (Sirsi) i9780316154314 |
| 040 ## - CATALOGING SOURCE | |
| Original cataloging agency | DLC |
| Transcribing agency | DLC |
| Modifying agency | UINTA |
| 043 ## - GEOGRAPHIC AREA CODE | |
| Geographic area code | n-us-ca |
| 049 ## - LOCAL HOLDINGS (OCLC) | |
| Holding library | UCLB |
| 050 10 - LIBRARY OF CONGRESS CALL NUMBER | |
| Classification number | PS3553.O51165 |
| Item number | C5 2002b |
| 082 00 - DEWEY DECIMAL CLASSIFICATION NUMBER | |
| Classification number | 813/.54 |
| Edition number | 21 |
| 092 ## - LOCALLY ASSIGNED DEWEY CALL NUMBER (OCLC) | |
| Classification number | CON |
| 100 1# - MAIN ENTRY--PERSONAL NAME | |
| Personal name | Connelly, Michael, |
| Dates associated with a name | 1956- |
| 9 (RLIN) | 35449 |
| 245 10 - TITLE STATEMENT | |
| Title | City of bones |
| Medium | [text (large print)] : |
| Remainder of title | a novel / |
| Statement of responsibility, etc | by Michael Connelly. |
| 250 ## - EDITION STATEMENT | |
| Edition statement | 1st large print ed. |
| 260 ## - PUBLICATION, DISTRIBUTION, ETC. (IMPRINT) | |
| Place of publication, distribution, etc | [Boston] : |
| Name of publisher, distributor, etc | Little, Brown, |
| Date of publication, distribution, etc | c2002. |
| 300 ## - PHYSICAL DESCRIPTION | |
| Extent | 522 p. (large print) ; |
| Dimensions | 25 cm. |
| 650 #0 - SUBJECT ADDED ENTRY--TOPICAL TERM | |
| Topical term or geographic name as entry element | Bosch, Harry (Fictitious character) |
| Form subdivision | Fiction. |
| 9 (RLIN) | 6388799 |
| 650 #0 - SUBJECT ADDED ENTRY--TOPICAL TERM | |
| Topical term or geographic name as entry element | Police |
| Geographic subdivision | California |
| -- | Los Angeles |
| Form subdivision | Fiction. |
| 9 (RLIN) | 5694068 |
| 650 #0 - SUBJECT ADDED ENTRY--TOPICAL TERM | |
| Topical term or geographic name as entry element | Children |
| General subdivision | Crimes against |
| Form subdivision | Fiction. |
| 9 (RLIN) | 5682255 |
| 650 #0 - SUBJECT ADDED ENTRY--TOPICAL TERM | |
| Topical term or geographic name as entry element | Large type books. |
| 9 (RLIN) | 6156848 |
| 651 #0 - SUBJECT ADDED ENTRY--GEOGRAPHIC NAME | |
| Geographic name | Los Angeles (Calif.) |
| Form subdivision | Fiction. |
| 9 (RLIN) | 5674855 |
| 655 #7 - INDEX TERM--GENRE/FORM | |
| Genre/form data or focus term | Mystery fiction. |
| Source of term | gsafd |
| 9 (RLIN) | 6156849 |
| 942 ## - ADDED ENTRY ELEMENTS (KOHA) | |
| Koha item type | BOOK |
| 994 ## - | |
| -- | C0 |
| -- | UINTA |
| 979 ## - | |
| -- | 466432 |
| 998 ## - LOCAL CONTROL INFORMATION (RLIN) | |
| -- | a81528 |
| Withdrawn status | Lost status | Source of classification or shelving scheme | Damaged status | Not for loan | Collection code | Home library | Current library | Shelving location | Date acquired | Source of acquisition | Cost, normal purchase price | Total Checkouts | Total Renewals | Full call number | Barcode | Date last seen | Date checked out | Cost, replacement price | Price effective from | Koha item type |
|---|---|---|---|---|---|---|---|---|---|---|---|---|---|---|---|---|---|---|---|---|
| Dewey Decimal Classification | Large Print | Wasatch County Library | Wasatch County Library | First Floor | 05/22/2002 | Donation | 25.95 | 28 | 1 | F Connelly | 34301001329160 | 02/28/2024 | 06/07/2022 | 25.95 | 03/20/2020 | BOOK |
